000 00578nam a22001817a 4500
999 _c167802
_d167802
005 20190919133149.0
010 _aB-132100
020 _a9780070587755
037 _bTata McGraw-Hill Publishing
082 _a650.144
_bMAR
100 _aMartin, Carole
245 _aBoost your interview IQ/
_c by Carole Martine
260 _aNew Delhi
_bTata McGraw-Hill Publishing
_c2005
270 _a7, West Patel Nagar
_aNew Delhi
_a110008
300 _axii, 1634p.
_c23 cm. (Pbk)
942 _2ddc
_cEN
_h650.144
_mMAR